000 00893cam a2200337 4500500
005 20260405003530.0
041 _afre
042 _adc
100 1 0 _aPernes, Caroline
_eauthor
245 0 0 _aPourquoi regarde-t–on des vidéos de chats ?
260 _c2022.
500 _a15
690 _aAnimal
690 _aBlaise Pascal
690 _aBuffon
690 _aChat
690 _aDerrida
690 _aDivertissement
690 _aDomestication
690 _aÉcran
690 _aHumilité
690 _aHumour
690 _aIndépendance
690 _aMontaigne
690 _anudité
690 _aPerception
690 _aVidéo
690 _aVulnérabilité
786 0 _nPhilosophie magazine | 161 | 8 | 2022-07-01 | p. 46-46 | 1951-1787
856 4 1 _uhttps://shs.cairn.info/magazine-philosophie-magazine-2022-8-page-46?lang=fr&redirect-ssocas=7080
999 _c2068437
_d2068437